Các doanh nhân văn hóa Việt Nam được UNESCO vinh danh
Cuốn sách giới thiệu về cuộc đời và sự nghiệp của sáu nhân vật lịch sử Việt Nam được UNESCO vinh danh là danh nhân văn hoá, gồm: Nguyễn Trãi, Hồ Chí Minh, Nguyễn Du, Chu Văn An, Hồ Xuân Hương và Nguyễn Đình Chiểu...
Wedi'i Gadw mewn:
| Prif Awdur: | |
|---|---|
| Fformat: | Llyfr |
| Iaith: | Vietnamese |
| Cyhoeddwyd: |
H.
Hồng Đức
2024
|
| Cyfres: | Tủ sách văn hóa phổ thông
|
| Pynciau: | |
| Tagiau: |
Ychwanegu Tag
Dim Tagiau, Byddwch y cyntaf i dagio'r cofnod hwn!
|
| Thư viện lưu trữ: | Thư viện Trường Đại học Nam Cần Thơ |
|---|
| LEADER | 01187nam a22002057a 4500 | ||
|---|---|---|---|
| 001 | NCT_4_019995 | ||
| 008 | 250516b xxu||||| |||| 00| 0 vie d | ||
| 999 | |c 8975 |d 8975 | ||
| 020 | |a 9786043281385 |c 84000 | ||
| 082 | 0 | 4 | |2 23rd ed. |a 959.70099 |b T121 |
| 100 | 1 | |a Nguyễn Văn Tân |e Biên soạn | |
| 245 | 1 | 0 | |a Các doanh nhân văn hóa Việt Nam được UNESCO vinh danh |c Nguyễn Văn Tân (Biên soạn) |
| 260 | |a H. |b Hồng Đức |c 2024 | ||
| 300 | |a 168 tr. |c 21 cm | ||
| 490 | 0 | |a Tủ sách văn hóa phổ thông | |
| 520 | 3 | |a Cuốn sách giới thiệu về cuộc đời và sự nghiệp của sáu nhân vật lịch sử Việt Nam được UNESCO vinh danh là danh nhân văn hoá, gồm: Nguyễn Trãi, Hồ Chí Minh, Nguyễn Du, Chu Văn An, Hồ Xuân Hương và Nguyễn Đình Chiểu | |
| 653 | |a Quản trị DV Du lịch và Lữ hành | ||
| 942 | |2 ddc |c BK | ||
| 952 | |0 0 |1 0 |2 ddc |4 0 |6 959_700990000000000_T121 |7 0 |9 30749 |a 000001 |b 000001 |d 2025-05-16 |o 959.70099 T121 |p MD.23876 |r 2025-05-16 |v 84000.00 |w 2025-05-16 |y BK | ||
| 980 | |a Thư viện Trường Đại học Nam Cần Thơ | ||


